| 000 | 00773cam a2200265 4500 | ||
|---|---|---|---|
| 001 | ABS64448 | ||
| 008 | 010828n2001 000 0 eng u | ||
| 035 | _a(Sirsi) u114341 | ||
| 100 | _aPenfold, B | ||
| 245 | _aLand aid | ||
| 260 | _c2001 | ||
| 490 |
_aSolicitors' Journal _v145(31) 10 August 2001, 752-753(2) |
||
| 520 | _aProvides a guide to rate relief available for those businesses suffering from the effects of the foot and mouth disease crisis. | ||
| 590 | _aABS | ||
| 650 | _aFOOT-AND-MOUTH DISEASE | ||
| 650 | _aRURAL BUSINESSES | ||
| 650 | _aRATE RELIEF | ||
| 650 | _aRURAL ECONOMY | ||
| 650 | _aDEFERRED TAX | ||
| 650 | _aHARDSHIP RELIEF | ||
| 650 | _aRATING ASSESSMENTS | ||
| 650 | _aRATING APPEALS | ||
| 690 |
_aRURAL _96268 |
||
| 942 | _n0 | ||
| 999 |
_c68088 _d68088 |
||